00710nab a2200217 uc450000100070000000500170000700800410002403500110006503500210007604000130009704100080011010000380011824500780015665000190023465000200025365000210027365000400029477301290033494200100046399900190047352524920240907090002.0990826e19960601 spa  a525249 a(OCoLC)819807184 ccomduadb aspa10aMaynes, Mary Jo4auteaut932431410aCultura e integracion en las autobiografias obreras en Francia y Alemania aFrancia929227 aAlemania934490 aEscolares938475 7aTrabajo y trabajadores2lemb9294010 tHistoria, Antropología y Fuentes Orales (Barcelona)gNúmero 16, Junio-Diciembre 1996, p. 41-60w132470x1136-1700066028 cARIMP c127652d127652